Boywithuke - Bad Blood - Statistics

General Stats
  • This quiz has been taken 99 times
  • The average score is 226 of 338
Answer Stats
Answer % Correct
A
96%
B
94%
To
89%
O
87%
You
87%
You?
87%
Your
87%
Bad
85%
Blood
83%
Go
83%
For
81%
I
81%
Me
81%
Toxic,
81%
You're
81%
All
79%
Be
79%
Good
79%
Way
79%
Beat,
77%
Better
77%
By
77%
Too
77%
Yourself
77%
Off
74%
Apathy,
72%
It
72%
La
72%
It's
70%
Its
70%
Cold
68%
Sleep
68%
Cool
66%
Do
66%
Else
66%
With
66%
Don't
64%
Somebody
64%
Veins
64%
In
62%
Living
62%
My
62%
Oh
60%
Know
57%
Probably
57%
Hear
55%
Name
55%
On
55%
Change
53%
How
53%
That
53%
Whenever
53%
But
49%
Lord
47%
That's
47%
Bitch
45%
Up
43%
What
43%
Call
40%
Drinking
40%
Was
40%
Baby
38%
Enough
38%
Everything
38%
Pain
38%
Am
36%
Just
36%
Need
36%
Never
36%
Seem
36%
Told
36%
Bleed
34%
'Cause
34%
Doing
34%
Is
34%
Not
34%
Play
34%
Help
32%
And
30%
Back
30%
Could've
30%
Had
30%
Loosing
30%
Make
30%
Might
30%
Stoned
30%
Cried
28%
Still
28%
Scene
26%
Refused
23%
Seat
23%
Take
23%
Boy
19%
No matching quizzes found
Score Distribution
Percent of People with Each Score
Percentile by Number Answered
Your Score History
You have not taken this quiz